Culture Générale - Série 2115 - Statistiques

Statistiques générales
  • Ce quiz a été pris 56 fois
  • Le résultat moyen est 3 sur 10
Statistiques - réponses
Ville Fleuve % Correct
Abbeville Somme
50%
Redon Vilaine
48%
Nice Var
46%
Rochefort Charente
44%
Bayonne Adour
37%
Narbonne Aude
37%
Quimper Odet
19%
Béziers Orb
15%
Saint-Lô Vire
10%
Deauville La Touques
2%
Aucun quiz correspondant
Distribution des résultats
% des personnes avec chaque résultat
Percentile par nombre de réponses
Votre historique - résultats
Vous n’avez pas pris ce quiz